Franklin - Paramore - Statistics

General Stats
  • This quiz has been taken 3 times
  • The average score is 254 of 276
Answer Stats
Hint Answer % Correct
a
100%
after
100%
alive
100%
all
100%
Verse 1 And
100%
and
100%
at
100%
away
100%
back
100%
be
100%
belong
100%
call
100%
changed
100%
could
100%
do
100%
everything
100%
feel
100%
get
100%
go
100%
going
100%
has
100%
here
100%
home
100%
I
100%
is
100%
it
100%
know
100%
knows
100%
live
100%
me
100%
miss
100%
no
100%
not
100%
now
100%
of
100%
one
100%
our
100%
own
100%
place
100%
remember
100%
remind
100%
same
100%
so
100%
Verse 2 So
100%
stand
100%
Bridge (Taking
100%
(taking
100%
taking
100%
that
100%
the
100%
this
100%
time
100%
time)
100%
to
100%
town
100%
us
100%
used
100%
we
100%
were
100%
when
100%
where
100%
who
100%
won't
100%
you
100%
aren't
67%
can't
67%
Chorus | Outro 'Cause
67%
'cause
67%
if
67%
it's
67%
up
67%
being
33%
gone
33%
staying
33%
aside
0%
behind
0%
have
0%
help
0%
left
0%
push
0%
No matching quizzes found
Score Distribution
Percent of People with Each Score
Percentile by Number Answered
Your Score History
You have not taken this quiz